000 01246nam a22003137a 4500
005 20150505133903.0
008 130821s2013 xxua fr eng
020 _a9780199544837 (2a.Ed.)
020 _a9780199252817
040 _aCO-BoUCM
_bspa
_cJose A. Gerena (modificó)
_d[Nuevo]
041 0 0 _aeng
245 0 4 _aThe member states of the European Union
_ceditores Simon Bulmer y Christian Lequesne.
250 _a2a ed
260 _aNueva York (Estados Unidos)
_bOxford University Press
_c2005
300 _axviii, 399 páginas
_bilustraciones
490 _aThe new european union series
504 _aIncluye referencias bibliográficas e índices
650 0 7 _aHistoria de Europa
_926509
650 0 7 _aRelaciones internacionales
_98042
_xHistoria
_zEuropa
650 0 7 _aPolítica internacional
_921990
_zEuropa
651 4 _aEuropa
_xHistoria
_926957
651 4 _aPaíses de la Unión Europea
_xPolítica y gobierno
_955685
690 _942846
_aHistoria de Europa
700 1 _aBulmer, Simon
_eeditor
_968603
700 1 _aLequesne, Christian
_eeditor
_968604
856 4 1 _3Contenido
_uhttp://www.loc.gov/catdir/toc/ecip058/2005004728.html
942 _cLIBRO
_a21
_e2
_mH533
_2DEWEY
_h940.55
999 _c88529
_d88529